Statistics for All Pagani Models

Click here to take the quiz!

General Stats

  • This quiz has been taken 48 times
  • The average score is 24 of 61

Answer Stats

Answer% Correct
Huayra
88%
Zonda F
88%
Zonda R
88%
Huayra BC
75%
Huayra R
75%
Utopia
75%
Zonda S
69%
Zonda Tricolore
69%
Zonda C12
63%
Huayra Imola
56%
Huayra Roadster
56%
Huayra Codalunga
50%
Zonda C12-S
50%
Zonda Revolucion
50%
Zonda 760LH
44%
Zonda HH
44%
Zonda HP Barchetta
44%
Zonda PS
44%
Zonda S Roadster
44%
Zonda Uno
44%
Huayra Dinastia
38%
Huayra Hermes Edition
38%
Huayra La Monza Lisa
38%
Huayra Pearl
38%
Huayra Tricolore
38%
Zonda 760RS
38%
Zonda Fantasma
38%
Zonda Monza
38%
Huayra 730S “ Da Vinci”
31%
Huayra BC Kingtasma
31%
Huayra Carbon Edition
31%
Huayra L’Ultimo
31%
Huayra NC
31%
Huayra White Edition
31%
Zonda 750
31%
Zonda 760 AY
31%
Zonda 760 OLIVER Evolution
31%
Zonda 760 Riveria
31%
Zonda 760 Unica Roadster
31%
Zonda 760 Venti Roadster
31%
Zonda 764 Passione
31%
Zonda Clinque
31%
Zonda MD
31%
Zonda Roadster F
31%
Zonda Sapphire
31%
Huayra BC Macchina Volante
25%
Huayra Roadster BC
25%
Zonda 760 King
25%
Zonda 760 Kiryu
25%
Zonda 760 Oliver Roadster
25%
Zonda Absolute Evo
25%
Zonda Clinque Roadster
25%
Zonda Fantasma Evo
25%
Zonda LM
25%
Zonda Riveria
25%
Zonda Roadster F CS Final Edition
25%
Zond GJ
25%
Zonda 760 Aether Roadster
19%
Zonda 760 Danubio
19%
Zonda 760 AG Roadster
13%
Zonda 760 ZUN Roadster
13%

Score Distribution

Percentile by Number Answered

Percent of People with Each Score

Your Score History

You have not taken this quiz